000 00284nam a22001217a 4500
008 260316b ||||| |||| 00| 0 eng d
041 _aeng
080 _a1.1
100 _a22
101 _aekonomi
245 _aTatimet
_cInstituti per kontabilitet auditim financa
942 _2udc
_cBK
999 _c60901
_d60901